Diseño de estructura de pavimento articulado y presupuesto de 960 metros lineales de calle en el barrio Sol de Libertad, ubicado en el km 116 entre el municipio de Sébaco y Matagalpa, por el método de AASHTO 93

El estudio tiene como objetivo mostrar un anteproyecto de adoquinado en el barrio Sol de Libertad del municipio de Matagalpa, destacando la importancia que tienen las vías de comunicación, en especial las urbanas, pues son las que permiten mejorar las condiciones de vida de sus habitantes y el des...

Full description

Bibliographic Details
Main Authors: Rizo, Marlon Antonio, Montenegro Martínez, Deysi de loa Ángeles, Valdivia Martínez, Arge David
Other Authors: Tutor: Sierra Mercado, Jimmy
Format: Tesis Section = Libro
Language:Undetermined
Spanish
Published: Managua UNI 2021
Subjects:
LEADER 01325nam a2200277Ia 4500
008 240830s9999 xx 000 0 und d
040 |a BIBLIOTECA-RUPAP Mon 625.85 R627 
041 |a spa 
082 |a Mon 625.85 R627 
100 1 |a Rizo, Marlon Antonio 
100 1 |b Montenegro Martínez, Deysi de loa Ángeles 
100 1 |c Valdivia Martínez, Arge David 
245 1 0 |a Diseño de estructura de pavimento articulado y presupuesto de 960 metros lineales de calle en el barrio Sol de Libertad, ubicado en el km 116 entre el municipio de Sébaco y Matagalpa, por el método de AASHTO 93 
260 |a Managua  |b UNI  |c 2021 
300 |a 75 p. :il. 
500 |a Contiene: anexos y CD. 
502 |a Tesis (Ingeniero Civil) - UNI, 2021. 
520 3 |a El estudio tiene como objetivo mostrar un anteproyecto de adoquinado en el barrio Sol de Libertad del municipio de Matagalpa, destacando la importancia que tienen las vías de comunicación, en especial las urbanas, pues son las que permiten mejorar las condiciones de vida de sus habitantes y el desarrollo local de la comunidad. 
650 7 |a PAVIMENTOS 
650 7 |b  PAVIMENTOS DE ASFALTO 
650 7 |c  MATERIALES PARA CARRETERAS 
650 7 |d  CARRETERAS-NICARAGUA 
700 1 |a Tutor:  |b Sierra Mercado, Jimmy 
942 |c BK  |2 ddc 
991 |a TESIS 
999 |c 19075